[Event "Prague Summer op-B 2nd"]
[Site "Prague"]
[Date "2015.08.09"]
[Round "3"]
[White "Gorbunov, Artemy"]
[Black "Dzikowski, Michal"]
[Result "0-1"]
[WhiteElo "1701"]
[BlackElo "1975"]
[PlyCount "54"]
[EventDate "2015.08.07"]
[EventType "swiss"]
[EventRounds "9"]
[EventCountry "CZE"]
[SourceTitle "EXT 2017"]
[Source "ChessBase"]
[SourceDate "2016.10.25"]
[SourceVersion "1"]
[SourceVersionDate "2016.10.25"]
[SourceQuality "1"]

1. e4 c6 2. d4 d5 3. Nc3 dxe4 4. Nxe4 Nd7 5. Be3 Ngf6 6. Ng3 e6 7. Bd3 Bd6 8. N1e2 b6 9. 0-0 Bb7 10. Ne4 Nxe4 11. Bxe4 Bxh2+ 12. Kxh2 Qh4+ 13. Kg1 Qxe4 14. Ng3 Qg6 15. Rc1 h5 16. Qf3 0-0-0 17. Bf4 c5 18. Qa3 h4 19. Qxa7 hxg3 20. Bxg3 Qe4 21. f3 Qxd4+ 22. Bf2 Qe5 23. Rfe1 Qh2+ 24. Kf1 Qh1+ 25. Bg1 Bxf3 26. Qa6+ Bb7 27. Qe2 Rh2 0-1

[Event "Prague Summer op 1st"]
[Site "Prague"]
[Date "2014.08.12"]
[Round "4"]
[White "Harazinska, Ewa"]
[Black "Gorbunov, Artemy"]
[Result "1-0"]
[WhiteElo "2031"]
[BlackElo "1708"]
[PlyCount "93"]
[EventDate "2014.08.09"]
[EventType "swiss"]
[EventRounds "9"]
[EventCountry "CZE"]
[SourceTitle "CBM 162 Extra"]
[Source "ChessBase"]
[SourceDate "2014.10.17"]
[SourceVersion "1"]
[SourceVersionDate "2014.10.17"]
[SourceQuality "1"]

1. d4 Nf6 2. c4 g6 3. Nc3 d5 4. Nf3 Bg7 5. Qa4+ c6 6. cxd5 Nxd5 7. e4 Nb6 8. Qd1 Bg4 9. Be3 Bxf3 10. gxf3 e5 11. d5 0-0 12. Qb3 N8d7 13. dxc6 bxc6 14. Be2 Qc7 15. 0-0 Kh8 16. Rac1 Qb7 17. Na4 Rab8 18. Nc5 Nxc5 19. Bxc5 Rfd8 20. Rfd1 Rxd1+ 21. Rxd1 Bf8 22. Bxf8 Rxf8 23. Qa3 Kg7 24. Qd6 f6 25. b3 Rc8 26. f4 exf4 27. e5 Qf7 28. e6 Qe8 29. Bf3 f5 30. a4 Kf6 31. Qd4+ Kg5 32. h4+ Kh6 33. Qxf4+ Kg7 34. Qd6 Nd5 35. Bxd5 cxd5 36. Qe5+ Kg8 37. Rxd5 Rd8 38. Rxd8 Qxd8 39. e7 Qe8 40. Qe6+ Kg7 41. b4 f4 42. b5 h6 43. a5 g5 44. hxg5 hxg5 45. b6 g4 46. Qxg4+ Kf7 47. Qh5+ 1-0

[Event "Prague Summer op 1st"]
[Site "Prague"]
[Date "2014.08.09"]
[Round "1"]
[White "Gorbunov, Artemy"]
[Black "Xylogiannopoulos, Antonios"]
[Result "1/2-1/2"]
[WhiteElo "1708"]
[BlackElo "2133"]
[PlyCount "72"]
[EventDate "2014.08.09"]
[EventType "swiss"]
[EventRounds "9"]
[EventCountry "CZE"]
[SourceTitle "CBM 162 Extra"]
[Source "ChessBase"]
[SourceDate "2014.10.17"]
[SourceVersion "1"]
[SourceVersionDate "2014.10.17"]
[SourceQuality "1"]

1. e4 e5 2. Nf3 Nc6 3. d4 exd4 4. Nxd4 Bc5 5. Nb3 Bb6 6. Nc3 d6 7. Qe2 Nge7 8. Be3 0-0 9. 0-0-0 f5 10. f3 fxe4 11. Nxe4 Nf5 12. Bf2 Ne5 13. f4 Bxf2 14. Nxf2 Nc6 15. g4 Re8 16. Qf3 Ne3 17. Re1 Nxf1 18. Rhxf1 Bd7 19. Ne4 Qh4 20. h3 Re7 21. Re2 Rae8 22. Rfe1 d5 23. Ng5 Qxe1+ 24. Rxe1 Rxe1+ 25. Kd2 Nb4 26. Nc1 h6 27. Qb3 a5 28. a3 R8e3 29. c3 hxg5 30. axb4 c6 31. f5 axb4 32. Qxb4 b5 33. Qd6 Re7 34. Qb8+ Re8 35. Qd6 R8e7 36. f6 gxf6 1/2-1/2